Bilecik Bilecik Bilecik Bilecik Bilecik

Mecalisü'n-nefayis/ (Record no. 17546)

MARC details
000 -BAŞLIK
Sabit Uzunluktaki Kontrol Alanı 01244nam a22003737a 4500
001 - KONTROL NUMARASI
Control Dosyası 0017589
003 - KONTROL NUMARASI KİMLİĞİ
Kontrol Alanı KOHA_MİRAKIL
005 - EN SON İŞLEM TARİHİ ve ZAMANI
Kontrol Alanı 20260207002145.0
007 - FİZİKSEL TANIM SABİT ALAN - GENEL BİLGİ
Sabit uzunluklu kontrol alanı ta
008 - SABİT UZUNLUKTAKİ VERİ ÖGELERİ - GENEL BİLGİ
Sabit Alan 100526b1995 tu |||gr||||#0|||1|tur |
020 ## - ISBN - ULUSLARARASI STANDART KİTAP NUMARASI
Kullanılabilirlik koşulları 0,01
040 ## - KATALOGLAMA KAYNAĞI
Özgün Kataloglama Kurumu TR-BiSEU
Kataloglama Dili tur
Çeviri Kurumu TR-BiSEU
Açıklama Kuralları rda
041 0# - DİL KODU
Metin ya da ses kaydının dil kodu tur
044 ## - YAYINLAYAN/ÜRETEN KURULUŞUN ÜLKE KODU
ISO country code tu
050 ## - SINIFLAMA ve YER NUMARASI
Sınıflama Numarası PL53.9.A45
Yer Numarası M43 1995
100 0# - KİŞİ ADI
Yazar Adı (Kişi adı) Ali Şir Nevâyi.
245 1# - ESER ADI BİLDİRİMİ
Başlık Mecalisü'n-nefayis/
Sorumluluk Bildirimi Ali Şir Nevâyi ; Hazırlayan Hüseyin Ayan...[ve bşk.].
264 #1 - ÜRERİM, YAYIN, DAĞITIM ve TELİF BİLDİRİMİ
Yayın yeri Erzurum :
Yayınlayan Atatürk Üniversitesi Türkiyat Araştırmaları Enstitüsü
Yayın tarihi 1995
300 ## - FİZİKSEL TANIMLAMA
Sayfa, Cilt vb. 231 sayfa; 24 cm.
336 ## - İÇERİK TÜRÜ
Content type term metin
Content type code txt
Source rdacontent
337 ## - MEDYA TÜRÜ
Media type term aracısız
Media type code n
Source rdamedia
338 ## - TAŞIYICI TÜRÜ
Carrier type term cilt
Carrier type code nc
Source rdacarrier
490 1# - DİZİ BİLDİRİMİ
Dizi Bildirimi Atatürk Üniversitesi yayını ;
Cilt Numarası 795.
490 1# - DİZİ BİLDİRİMİ
Dizi Bildirimi Türkiyat Araştırmaları Enstitüsü yayını ;
Cilt Numarası no: 2.
490 1# - DİZİ BİLDİRİMİ
Dizi Bildirimi Araştırma serisi ;
Cilt Numarası no: 2.
500 ## - GENEL NOT
Genel Not Dizin var.
650 #0 - KONU BAŞLIĞI EK GİRİŞ - KONU TERİMİ
Konusal terim veya coğrafi ad Tasavvuf şiiri.
9 (RLIN) 13679
650 #0 - KONU BAŞLIĞI EK GİRİŞ - KONU TERİMİ
Konusal terim veya coğrafi ad Sufi poetry.
9 (RLIN) 13680
830 1# - SERİ EK GİRİŞİ - TEKBİÇİM ESER ADI
Tekbiçim Başlık Atatürk Üniversitesi yayını ;
Volume number/sequential designation 795.
9 (RLIN) 40861
830 1# - SERİ EK GİRİŞİ - TEKBİÇİM ESER ADI
Tekbiçim Başlık Türkiyat Araştırmaları Enstitüsü yayını ;
Volume number/sequential designation no: 2.
9 (RLIN) 40862
830 1# - SERİ EK GİRİŞİ - TEKBİÇİM ESER ADI
Tekbiçim Başlık Araştırma serisi ;
Volume number/sequential designation no: 2.
9 (RLIN) 25102
907 ## - LOCAL DATA ELEMENT G, LDG (RLIN)
a Şiir
942 ## - EK GİRİŞ ÖGELERİ (KOHA)
Source of classification or shelving scheme Library of Congress Classification
Koha item type Book
Holdings
Materyal Türü Kalıcı Konum Mevcut Konum Raf Yeri Sınıflandırma Kaynağı Edinim Bilgisi Ana Konular Alt Konular Yer Numarası Demirbaş Numarası Fatura Tarihi Geri Çekilme Durumu Kayıp Durumu Hasarlı Durumu Kredi için değil Kayıt Tarih Toplam Ödünçverme Son Görülme Tarihi Son Kontrol Tarihi Genel / Bağış Notu
Book Prof. Dr. Azmi Özcan Kütüphanesi Prof. Dr. Azmi Özcan Kütüphanesi Birûni Salonu Library of Congress Classification Bağış DİL VE EDEBİYAT Doğu Asya, Afrika, Okyanusya Dilleri ve Edebiyatları PL53.9.A45 M43 1995 0017589 13/08/2010         26/05/2010 7 05/12/2024 05/12/2024 YÖK Tez Merkezi